00829 2200265 4500001002100000005001500021035002000036007000300056008003900059020001900098082001000117084001600127100002200143245011300165250001100278260003900289300004600328650003600374650004400410650003200454504002000486990002000506990001800526990001900544INLIS00000000000324420221010083915 a0010-1022000025ta221010 | | |  a978979534457-5 a511.8 a511.8 J. l0 aJ. Douglas Faires1 aLangkah Pertama Menuju Olimpiade Matematika :bMenggunakan Kompetisi matematika Amerika /cJ. Douglas Faires aCet. 1 aBandung. :bPT. Pakar Raya,c2007. axiii + 307 hlm. :bilus. ;c17,5 x 25 cm. aPengalih Bahasa, Tim Penerjemah aPenyuting Materi, Henny Kusumawati, S.S aPewajah Ulang, Deni Sarjoko aTentang Penulis a12916/P/BL/2016 a8424/P/S/2013 a13705/P/B/2016